| 000 | 00375nam a2200145Ia 4500 | ||
|---|---|---|---|
| 008 | 230917s9999||||xx |||||||||||||| ||und|| | ||
| 040 |
_e39262 _aMAIN |
||
| 041 | _aEnglish | ||
| 082 | _a822.09 G865S | ||
| 100 | _aGrene, Nicholas | ||
| 245 | 0 | _aShakespeare, Jonson, Moliere: the comic context | |
| 260 |
_aLondon _bMacmillan _c1980 |
||
| 300 | _axvii, 246 p. | ||
| 942 | _cBK | ||
| 999 |
_c217835 _d217835 |
||